000
00206nam a2200097Ia 4500
008
170619s9999 xx 000 0 und d
100
_a
Rao B. Kanta
245
0
_a
Embedded Systems
260
_b
PHI
260
_c
2011
546
_a
ENGLISH
999
_c
19992
_d
19992